000 01110cam a2200301 a 4500
999 _c128235
_d128235
001 14374833
003 ARRUPE
005 20180924102144.0
008 060512s2005 sa a 000 0 eng d
010 _a 2006406039
020 _a1770070265
024 8 _a9781770070264
035 _a(OCoLC)ocm59223194
040 _aOI@
_cOI@
_dBAKER
_dDLC
041 1 _aeng
_amul
_hmul
042 _alccopycat
043 _af------
050 0 0 _aPN6519.B3 S849
100 _aStewart, Dianne (comp)
_942479
245 0 0 _aWisdom from Africa :
_ba collection of proverbs /
_ccompiled by Dianne Stewart ; illustrated by Caine Swanson.
260 _aCape Town :
_bStruik,
_cc2005.
300 _a159 p. :
_bill.,
_c16 cm.
546 _aProverbs presented in the African language of its origin with an English translation and explanation.
650 0 _aProverbs, Bantu
_942480
650 0 _aProverbs, African
_vTranslations into English.
_942481
700 1 _aStewart, Dianne.
_942482
906 _a7
_bcbc
_ccopycat
_d3
_encip
_f20
_gy-gencatlg
942 _2lcc
_cMONOGRAPH